Don't be fooled by empty gestures (Record no. 82943)

MARC details
000 -LEADER
fixed length control field 00725cab a22002055a 4500
001 - CONTROL NUMBER
control field L152343
008 - FIXED-LENGTH DATA ELEMENTS--GENERAL INFORMATION
fixed length control field 110223e20110129xxk 000 0 eng d
035 ## - SYSTEM CONTROL NUMBER
System control number (Sirsi) u152343
041 0# - LANGUAGE CODE
Language code of text/sound track or separate title eng
100 1# - MAIN ENTRY--PERSONAL NAME
Personal name King, Vivien
245 00 - TITLE STATEMENT
Title Don't be fooled by empty gestures
260 ## - PUBLICATION, DISTRIBUTION, ETC.
Date of publication, distribution, etc. 2011
490 ## - SERIES STATEMENT
Series statement Estates Gazette
Volume/sequential designation (1104) 29 January 2011, 92-94(3)
520 ## - SUMMARY, ETC.
Summary, etc. Vacant possesion discussion. Attempts to define vacant possession while pointing out the importance of the differing contexts of each situation in this area. Includes relevant caselaw.
590 ## - LOCAL NOTE (RLIN)
Local note KA
651 #4 - SUBJECT ADDED ENTRY--GEOGRAPHIC NAME
Geographic name England and Wales
Chronological subdivision 1543-
690 ## - LOCAL SUBJECT ADDED ENTRY--TOPICAL TERM (OCLC, RLIN)
Topical term or geographic name as entry element PROPERTY-LEASEHOLD PROPERTY-LANDLORD AND TENANT
700 1# - ADDED ENTRY--PERSONAL NAME
Personal name Cheffings, Nicholas
942 ## - ADDED ENTRY ELEMENTS (KOHA)
Suppress in OPAC 0
Holdings
Withdrawn status Lost status Source of classification or shelving scheme Damaged status Not for loan Home library Current library Shelving location Date acquired Total Checkouts Full call number Barcode Date last seen Copy number Price effective from Koha item type
    Dewey Decimal Classification     London London Journal article 23/02/2011   L152343 152343-1001 06/08/2019 1 06/08/2019 Journal article